000 01027nam a22002417a 4500
005 20081117123210.0
008 081117t xxu||||| |||| 00| 0 hin d
010 _aHIN-93872
020 _c210.00
_a9789380523224
035 _aHN-66218
037 _bDBAD / PUB
040 _aDPL
_bHN
082 _a920
245 _aभारतीय स्वतंत्रता संग्राम के अमर पुरोधा /
_cआर.एस.आढ़ा.. (आदि)
260 _aजयपुर
_bश्री प्रकाशन
_c2009
270 _aसी-393, हंस मार्ग, मालवीय नगर
_bजयपुर
300 _a146पृ
_c22सेमी (सजिल्द)
_bसचित्र
650 _934325
650 _934326
700 _aआढ़ा, आर.एस.
_934327
942 _2ddc
_cHN
_mभारती
_h920
999 _c56284
_d56284